Tern Construction Group Ltd (in administrative receivership) v RBS Garages Ltd (Record no. 43436)
[ view plain ]
| 000 -LEADER | |
|---|---|
| fixed length control field | 01321cab a2200241 4500 |
| 001 - CONTROL NUMBER | |
| control field | ABS48924 |
| 008 - FIXED-LENGTH DATA ELEMENTS--GENERAL INFORMATION | |
| fixed length control field | 090401t1993 xxu||||| |||| 00| 0 eng d |
| 035 ## - SYSTEM CONTROL NUMBER | |
| System control number | (Sirsi) u69149 |
| 041 ## - LANGUAGE CODE | |
| Language code of text/sound track or separate title | eng |
| 245 ## - TITLE STATEMENT | |
| Title | Tern Construction Group Ltd (in administrative receivership) v RBS Garages Ltd |
| 260 ## - PUBLICATION, DISTRIBUTION, ETC. | |
| Date of publication, distribution, etc. | 1993 |
| 350 ## - PRICE (NR) (BK AM CF MU VM SE) [OBSOLETE] | |
| Price | 0 |
| 490 ## - SERIES STATEMENT | |
| Series statement | Construction Industry Law Letter |
| Volume/sequential designation | (1993) CILL 844-846(3) |
| 520 ## - SUMMARY, ETC. | |
| Summary, etc. | ORC 14 October 1992. T entered a JCT 80 contract to build a car sales centre for R and were paid for work completed under the interim certificate. T was not paid for the next stage before it went into receivership, although the second certificate had been issued a week previously. Not all the work had been finished satisfactorily and some materials supplied by T had been paid for. R, the defendant, did not pay for any of the additional work or make arrangements to complete the project, and claimed they were suffering loss. T sued successfully for the outstanding money covered by the second certificate, as well as for the materials. |
| 650 ## - SUBJECT ADDED ENTRY--TOPICAL TERM | |
| Topical term or geographic name entry element | BUILT ENVIRONMENT-BUILDING CONTRACT FORMS |
| 650 ## - SUBJECT ADDED ENTRY--TOPICAL TERM | |
| Topical term or geographic name entry element | CLAIMS |
| 650 ## - SUBJECT ADDED ENTRY--TOPICAL TERM | |
| Topical term or geographic name entry element | DETERMINATION |
| 650 ## - SUBJECT ADDED ENTRY--TOPICAL TERM | |
| Topical term or geographic name entry element | INTERIM CERTIFICATES |
| 650 ## - SUBJECT ADDED ENTRY--TOPICAL TERM | |
| Topical term or geographic name entry element | JCT 1980 CL27.4.4 |
| 690 ## - LOCAL SUBJECT ADDED ENTRY--TOPICAL TERM (OCLC, RLIN) | |
| Topical term or geographic name as entry element | BUILDING AND CONSTRUCTION-CASE LAW |
| 942 ## - ADDED ENTRY ELEMENTS (KOHA) | |
| Suppress in OPAC | 0 |
| 948 ## - LOCAL PROCESSING INFORMATION (OCLC); SERIES PART DESIGNATOR (RLIN) | |
| c (OCLC) | 04/03/1997 |
| Withdrawn status | Lost status | Source of classification or shelving scheme | Damaged status | Not for loan | Home library | Current library | Shelving location | Date acquired | Total Checkouts | Full call number | Barcode | Date last seen | Copy number | Price effective from | Koha item type |
|---|---|---|---|---|---|---|---|---|---|---|---|---|---|---|---|
| Dewey Decimal Classification | London | London | Journal article | 14/09/1999 | ABS48924 | 69149-1001 | 06/08/2019 | 1 | 06/08/2019 | Law report |